| 000 | 00344nam a22001457a 4500 | ||
|---|---|---|---|
| 020 | _qPB. | ||
| 040 | _cFIZZA ISHAQ | ||
| 082 |
_a001.4226 _bAND |
||
| 100 |
_aKIRK, ANDY. _987229 |
||
| 245 |
_aDATA VISUALISATION / _cANDY KIRK. |
||
| 250 | _a2nd ED. | ||
| 260 |
_aLONDON : _bSAGE PUBLICATIONS, _c2019. |
||
| 300 | _a312 P. ; | ||
| 942 |
_2ddc _cBK |
||
| 999 |
_c587480 _d587480 |
||